Language Quiz

Random Language or Letter Quiz

Word Hourglass IX Quiz Stats

 Plays Quiz Updated Sep 13, 2015

Challenge
Share
Tweet
Embed
Score 0/14 Timer 03:00
1 Play Today
Clue Word % Correct
Symbol for the element uraniumU
94.9%
AdorableCUTE
94%
A pool stickCUE
93.1%
Less than 90°, vis-à-vis an angleACUTE
91.4%
A political and economic collection of 28 countriesEU
88.2%
Juliet's family name in ShakespeareCAPULET
85.8%
Romeo's family name in ShakespeareMONTAGUE
81.1%
Clue Word % Correct
Spice often added to egg nogNUTMEG
71.2%
Postal code for a US territory in the western PacificGU
69.4%
What one drinks chamomile fromTEACUP
64.5%
A wildebeestGNU
61.7%
A tree that gives a furniture finishing oilTUNG
29.8%
Increase or make greaterAUGMENT
27.7%
A class of supernatural Japanese creatures of folkloreTENGU
7.6%

You're not logged in!

Compare scores with friends on all Sporcle quizzes.
OR
Log In

You Might Also Like...

Show Comments

Extras

Top Quizzes Today


Score Distribution

Your Account Isn't Verified!

In order to create a playlist on Sporcle, you need to verify the email address you used during registration. Go to your Sporcle Settings to finish the process.

Report this User

Report this user for behavior that violates our Community Guidelines.

Details: